| 000 | 00456nam a2200121Ia 4500 | ||
|---|---|---|---|
| 008 | 160712s9999 xx 000 0 und d | ||
| 100 | _aArandez-Tanchuling, Hazel . | ||
| 245 |
_cHazel Arandez-Tanchuling _aTwo Years After the 2008 Rice Crisis |
||
| 260 |
_c2011 _bKasarinlan Philippine Journal of Third World Studies |
||
| 300 | _avol. 26 no. 1-2 | ||
| 650 | _xINDEPENDENCE | ||
| 856 | _uhttp://journals.upd.edu.ph/index.php/kasarinlan/issue/view/331/showToc | ||
| 999 |
_c297621 _d297621 |
||